00618nam a2200193 i 450000100060000000300090000600500170001500700030003200800410003524500380007625000150011426000370012930000290016649000250019583000330022085200320025399900170028595201220030249501ES-MaACL20230906162002.0t|030717s1965 sp ||||1| spa d00aCosta Brava, Barcelona, Baleares. a[1ª ed.]. aBarcelona : bJuventud, c[1965] a62 p. : bil. ; c19 cm.1 aGuías turísticas0 aGuías turísticas9182719 aES-MaACLjC-28293 bR.47652 c49501d49501 00104070aATENEOMbATENEOMcDEPO2d2008-01-17eSCl0oC-28293p1052086r2023-02-23 00:00:00w2023-02-23yMONOGRAFIA